Star Wars Opening Scroll Quiz - Statistics

General Stats
  • This quiz has been taken 44 times
  • The average score is 13 of 19
Answer Stats
Episode IV: A New Hope % Correct
{STAR}, an armoured space
100%
destroy an entire {planet}.
97%
{station} with enough power to
97%
ultimate {weapon} the DEATH
97%
{Leia} races home aboard her
94%
{plans} to the Empire's
91%
freedom to the {galaxy}...
88%
During the battle, {Rebel}
85%
from a hidden {base}, have won
82%
spies managed to {steal} secret
82%
the evil {Galactic} Empire
82%
It is a period of {Civil} War
74%
stolen plans that can {save}
74%
their {first} victory against
71%
{starship}, custodian of the
47%
her {people} and restore
38%
Pursued by the {Empire's}
24%
Rebel {spaceships}, striking
12%
sinister {agents}, Princess
12%
No matching quizzes found
Score Distribution
Percent of People with Each Score
Percentile by Number Answered
Your Score History
You have not taken this quiz